01232cam a2200325 i 450000100090000000300090000900500170001800800410003502000280007602000180010404000380012208200190016010000380017924500800021726400720029730000540036933600260042333700280044933800270047749000640050450400520056865000230062065000330064365100100067665300210068665500170070794200120072499900170073695201530075313884776EG-ScBUE20260126091604.0050228s2005 flua frb 001 0 eng d a1584884916 (alk. paper) a9781584884910 aDLCbengerdacDLCdEG-ScBUEdDLC04a572.6222bTRA1 aTramontano, Anna,eauthor.93947114aThe ten most wanted solutions in protein bioinformatics /cAnna Tramontano. 1aBoca Raton : bChapman & Hall / CRC Taylor & Francis Group, c2005. a186 pages :billustrations (some color) ;c24 cm. 2rdacontentatextbtxt aunmediated2rdamediabn avolumebnc2rdacarrier0 aChapman & Hall/CRC mathematical biology and medicine series aIncludes bibliographical references and index.  7aProteomics.2BUEsh 7aBioinformatics.2BUEsh95545 2BUEsh bPPhrmcMarch2016 vReading book 2ddccBB c21292d21264 00102ddc40708ScientificaMAINbMAINc1STd2016-03-01ePurchaseg850.00h2l0o572.6 TRAp000031787r2025-07-15 00:00:00v1065.00w2016-03-01yBB